Разработать и представить в Академию наук СССР и Минводхоз СССР прогноз изменений химического состава подземных вод в райнах перераспределения водных ресурсов северных и сибирских рек; Провести сбор данных по геохимии ландшафта и химическому составу вод на территории севера Томской области, изучить взаимосвязь состава вод с ландшафтными особенностями территории, количественно оценить модуль подземного химического выноса: Промежуточный отчет о НИР; Проблема: 0.85.06; Тема: 03.05

Detaylı Bibliyografya
Müşterek Yazar: Томский политехнический институт (ТПИ) (595)
Diğer Yazarlar: Шварцев С. Л. Степан Львович (руководитель), Бычков В. Я. (исполнитель)
Dil:Rusça
Baskı/Yayın Bilgisi: Томск, 1981
Konular:
Materyal Türü: Kitap
KOHA link:https://koha.lib.tpu.ru/cgi-bin/koha/opac-detail.pl?biblionumber=160175

MARC

LEADER 00000nbm0a2200000 4500
001 160175
005 20231031155508.0
029 0 0 |a SU  |b 78042347  |f ТПУ 
035 |a (RuTPU)RU\TPU\book\173706 
090 |a 160175 
100 |a 20090519d1981 k y0rusy50 ca 
101 0 |a rus 
102 |a RU 
105 |a a p 001zy 
200 1 |a Разработать и представить в Академию наук СССР и Минводхоз СССР прогноз изменений химического состава подземных вод в райнах перераспределения водных ресурсов северных и сибирских рек  |a Провести сбор данных по геохимии ландшафта и химическому составу вод на территории севера Томской области, изучить взаимосвязь состава вод с ландшафтными особенностями территории, количественно оценить модуль подземного химического выноса  |e Промежуточный отчет о НИР  |e Проблема: 0.85.06  |e Тема: 03.05  |f Томский политехнический институт (ТПИ) ; руководитель С. Л. Шварцев ; В. Я. Бычков 
210 |a Томск  |d 1981 
215 |a 50 л. 
320 |a Библиогр.: с. 47-50. 
610 1 |a отчеты о НИР 
610 1 |a водные ресурсы 
610 1 |a перераспределение 
610 1 |a природные условия 
610 1 |a формирование 
610 1 |a соподчиненность 
610 1 |a взаимосвязь 
610 1 |a морфо-структурно-гидрогеологическое районирование 
610 1 |a бассейны стоков 
610 1 |a интенсивность 
610 1 |a водообмен 
610 1 |a подземные стоки 
610 1 |a подземные воды 
610 1 |a химический состав 
610 1 |a распределение 
610 1 |a факторы 
675 |a 551.491(04)  |v 3 
702 1 |a Шварцев  |b С. Л.  |c российский гидрогеолог, доктор геолого-минералогических наук  |c профессор Томского политехнического университета, академик РАЕН  |f 1936-  |g Степан Львович  |2 stltpush  |3 (RuTPU)RU\TPU\pers\25914  |4 673 
702 1 |a Бычков  |b В. Я.  |4 677 
712 0 2 |a Томский политехнический институт (ТПИ)  |c (1944-1991)  |2 stltpush  |3 (RuTPU)RU\TPU\col\1123  |4 595 
801 1 |a RU  |b 63413507  |c 20090519  |g PSBO 
801 2 |a RU  |b 63413507  |c 20161005  |g RCR 
942 |c BK